000 01014nam a22002537a 4500
005 20170123162353.0
010 _aA-998658
020 _c76.00
035 _aA-998658
037 _bCen Lib/Ret
040 _aDPL
_bUR
082 _a657
_bف ا ر
100 _aفاروقی، کیو. ایچ
_9118634
245 _a/ کها تہ نویسی اورکها تہ داری
_cکیو. ایچ فاروقی
246 _aKhata navesi aur khata dari /
_bby Q. H. Farooqui
260 _aنئی دہلی
_bقومی کونسل براے فروغ اردو زبان
_c1976
270 _aڈائریکٹر، قومی کونسل برائے فروغ ا ردو زبان، وست بلاک 1، آر کے پورم
_bنئی دہلی
_e110066
300 _a333p.
_c21cm(Hb)
650 _aحساب کتاب
_9137608
650 _aکها تہ نویسی اورکها تہ داری
_9137609
650 _aAccounting
_910075
650 _aKhata navesi aur khata dari
_9137610
942 _2ddc
_cUR
_h657
_mف ا ر
999 _c109390
_d109390